|
|
|
|
| LEADER |
00000cam a2200000 7i4500 |
| 001 |
0000000090 |
| 005 |
20000630.0 |
| 020 |
0 |
0 |
|a 9839592750
|
| 090 |
0 |
0 |
|a 633.5809595
|b AZM 1997
|
| 100 |
0 |
0 |
|a AZMY Hj. Mohamed
|
| 245 |
1 |
0 |
|a Management guidelines and economics of natural bamboo stands
|c Azmy Hj. Mohamed, Norini Haron and Wan Razali Wan Mohd.
|
| 260 |
0 |
0 |
|a Kuala Lumpur :
|b FRIM ,
|c 1997
|
| 300 |
|
|
|a 40p :
|b ill.. (some col.) ;
|c 23 cm.
|
| 440 |
0 |
0 |
|a FRIM technical information handbook; n. 15
|
| 650 |
0 |
0 |
|a Bamboo
|x Economic aspects
|z Malaysia
|
| 650 |
0 |
0 |
|a Bamboo
|z Malaysia
|
| 700 |
0 |
1 |
|a Norini Haron
|
| 700 |
0 |
1 |
|a Wan Razali Wan Mohd.
|
| 999 |
|
|
|a 0000001058
|b Monograph
|c Open Shelf
|e Default branch
|